01682nam a2200301 a 4500001001000000003000900010005001700019008004100036040002500077082001700102100003700119245020000156260004700356300002600403500007300429504003000502590002600532700003500558700002500593710010500618942001400723952013000737952013000867952013000997952011501127952012101242999001701363000024313DO-SdBNP20250625103756.0110126s1993 dr r 000 0 spa d aDO-SdBNPbspacBNPHU 4a304.64bJ61m1 aJiménez, Ramón Orlando9731410aMortalidad infantil y de sus componentes mediante el método del hijo previo en las provincias de la Vega, Espaillat y Peravia /cRamón Orlando Jiménez, Bienvenida Rodríguez, Yoni Espinal. aSanto Domingo :bSESPAS,bCONAPOFA,c1993. aviii, 41 p. ;c29 cm. aIncluye referencias bibliográficas y notas al pie de las páginas aBibliografía : p. 43-45 aInventariado, 2018/VM12aRodríguez, Bienvenida94988812aEspinal, Yoni9498891 aRepública Dominicana. b Secretaria de Estado de Salud Pública y Asistencia Social (2001)956549 2ddccLBS1 001054708DSaGRbGRcHDd2011-01-26iLF1l0o304.64 J61mp24313-30r2020-06-25te. 3w2020-06-25yLFDSZPréstamo en sala 001054708DSaGRbGRcHDd2011-01-26iLF1l0o304.64 J61mp24313-40r2020-06-25te. 4w2020-06-25yLFDSZPréstamo en sala 001054708DSaGRbGRcHDd2011-01-26iLF1l0o304.64 J61mp24313-50r2020-06-25te. 5w2020-06-25yLFDSZPréstamo en sala 0010718PDaPDbPDcHDd2011-01-26iLF1l0o304.64 J61mp24313-10r2020-06-25w2020-06-25yLFPDZNo se presta 0010718PDaPDbPDcHDd2011-01-26iLF1l0o304.64 J61mp24313-20r2020-06-25te. 2w2020-06-25yLFPDZNo se presta c23806d23806